General fellowship work done on " Minority Educational Institutions : A survey of curriculam of Madarsas in Uttar Pradesh" (Record no. 14435)

MARC details
000 -LEADER
fixed length control field 00617nam a2200169Ia 4500
082 ## - DEWEY DECIMAL CLASSIFICATION NUMBER
Classification number RA.0161
100 ## - MAIN ENTRY--AUTHOR NAME
Personal name Ansari, Nafees Ahmad
245 #0 - TITLE STATEMENT
Title General fellowship work done on " Minority Educational Institutions : A survey of curriculam of Madarsas in Uttar Pradesh"
260 ## - PUBLICATION, DISTRIBUTION, ETC. (IMPRINT)
Year of publication 1997
Name of publisher ICSSR, New Delhi
300 ## - PHYSICAL DESCRIPTION
Number of Pages v.p.
650 ## - SUBJECT ADDED ENTRY--TOPICAL TERM
Topical Term MINORITIES - EDUCATION - UTTAR PRADESH
650 ## - SUBJECT ADDED ENTRY--TOPICAL TERM
Topical Term ISLAMIC EDUCATION - UTTAR PRADESH
650 ## - SUBJECT ADDED ENTRY--TOPICAL TERM
Topical Term ISLAMIC UNIVERSITIES AND COLLEGES - UTTAR PRADESH
650 ## - SUBJECT ADDED ENTRY--TOPICAL TERM
Topical Term EDUCATION, ISLAMIC//ISLAMIC EDUCATION
650 ## - SUBJECT ADDED ENTRY--TOPICAL TERM
Topical Term MUSLIM EDUCATION//ISLAMIC EDUCATION
942 ## - ADDED ENTRY ELEMENTS (KOHA)
Koha item type Research Reports
Source of classification or shelving scheme Dewey Decimal Classification
Holdings
Withdrawn status Lost status Damaged status Not for loan Home library Current library Date acquired Bill Date Full call number Accession Number Price effective from Koha item type
        NASSDOC Library NASSDOC Library 08/10/2004 2008-12-30 RA.0161 36261 18/04/2019 Research Reports